Szkockie miasta - nagła śmierć - Statystyki

Ogólne statystyki
  • Ten quiz został rozwiązany 53 razy
  • Średni wynik to 4 z 7
Answers on the Grid
Answers color-coded by a green-red scale on the quiz's grid according to % correct below.
Glasgow
Rejkiawik
Blackpool
Edynburg
Swansea
Dublin
Aberdeen
Newport
Cork
Dundee
Galway
Exeter
Hamilton
Greenock
Portsmouth
Paisley
 
Statystyki odpowiedzi
Odpowiedź % Poprawnych
Glasgow
98%
Edynburg
89%
Aberdeen
83%
Dundee
61%
Hamilton
37%
Paisley
24%
Greenock
17%
Nie znaleziono quizów pasujących do podanych kryteriów
Rozkład punktacji
Procent ludzi z każdym wynikiem
Percentyl według liczby udzielonych odpowiedzi
Twoja historia wyników
Nie rozwiązałeś tego quizu